000
00314nam a22001337a 4500
082
_a
621.388 GRO'B
100
_a
GROB, BERNARD
_9
19461
245
_a
BASIC TELEVISION PRINCIPLES AND SERVIES
250
_a
4TH
260
_a
TOKYO
_b
MCGRAW HILL
_c
1975
300
_a
732P
650
_a
TELEVISION
_9
9299
942
_c
BK
999
_c
582684
_d
582684